| Tag |
First Indicator |
Second Indicator |
Subfields |
| LEADER |
00000cam a2200000 a 4500 |
| 001 |
in00000017255 |
| 005 |
20151007053427.0 |
| 008 |
870812s1988 ohu b s00110 eng |
| 010 |
|
|
|a 87022600
|
| 020 |
|
|
|a 0873383516 (alk. paper)
|
| 035 |
|
|
|a (OCoLC)16578840
|
| 035 |
|
|
|9 AAB1615AM
|
| 040 |
|
|
|a DLC
|c DLC
|d TXA
|d UtOrBLW
|
| 043 |
|
|
|a n-us---
|
| 049 |
|
|
|a TXAM
|
| 050 |
0 |
0 |
|a E840.8.F8
|b B47 1988
|
| 082 |
0 |
|
|a 973.9/092/4
|2 19
|
| 100 |
1 |
|
|a Berman, William C.,
|d 1932-
|
| 245 |
1 |
0 |
|a William Fulbright and the Vietnam War :
|b the dissent of a political realist /
|c William C. Berman.
|
| 264 |
|
1 |
|a Kent, Ohio :
|b Kent State University Press,
|c [1988]
|
| 264 |
|
4 |
|c ©1988
|
| 300 |
|
|
|a x, 235 pages ;
|c 24 cm.
|
| 336 |
|
|
|a text
|b txt
|2 rdacontent
|
| 337 |
|
|
|a unmediated
|b n
|2 rdamedia
|
| 338 |
|
|
|a volume
|b nc
|2 rdacarrier
|
| 504 |
|
|
|a Includes bibliographical references (pages [220]-227) and index.
|
| 536 |
|
|
|a Dr. Paul P. Van Riper Collection, Department of Political Science.
|
| 600 |
1 |
0 |
|a Fulbright, J. William
|q (James William),
|d 1905-1995
|x Views on foreign relations.
|
| 650 |
|
0 |
|a Vietnam War, 1961-1975
|z United States.
|
| 651 |
|
0 |
|a United States
|x Foreign relations
|y 1961-1963.
|
| 651 |
|
0 |
|a United States
|x Foreign relations
|y 1963-1969.
|
| 999 |
|
|
|a MARS
|
| 999 |
f |
f |
|s dae8a4e7-9823-3274-a624-98c2a7cf1934
|i e09a8e59-cd77-31d5-9874-6438c8c42f35
|t 0
|
| 952 |
f |
f |
|p normal
|a Texas A&M University
|b College Station
|c Sterling C. Evans Library
|d Evans: Library Stacks
|t 0
|e E840.8.F8 B47 1988
|h Library of Congress classification
|i unmediated -- volume
|m A14821304898
|
| 998 |
f |
f |
|a E840.8.F8 B47 1988
|t 0
|l Evans: Library Stacks
|